| 000 | 00706nam a22002057a 4500 | ||
|---|---|---|---|
| 003 | BD-DhJNU | ||
| 005 | 20250721063610.0 | ||
| 008 | 250721b |||||||| |||| 00| 0 eng d | ||
| 020 | _a9840512757 | ||
| 040 |
_aBD-DhJNU _bENG _cBD-DhJNU _dBD-DhJNU |
||
| 082 |
_223 _a331.10954 SCR |
||
| 100 | _aSchendel, Willem Van | ||
| 245 |
_aReviving a rural industry : _bSilk producers and officials in India and Bangladesh 1880s to 1980s / _cWillem Van Schendel |
||
| 260 |
_aDhaka : _bThe University Press, _c1995. |
||
| 300 |
_a249p. : _bill. ; _c22 cm. |
||
| 504 | _aIncludes bibliographical references and index | ||
| 650 | _aPersonnel Management | ||
| 650 | _aSilk Industry India Employees | ||
| 942 |
_2ddc _cBK _n0 |
||
| 999 |
_c1924 _d1924 |
||